Kúpa podniku alebo jeho časti v Slovenskej republike

Saved in:
Bibliographic Details
Main Author: Podmanická, Martina, 1977-
Format: Book Chapter
Language:English
Subjects:
Tags: Add Tag
No Tags, Be the first to tag this record!

MARC

LEADER 00000naa$a2200000$$$4500
001 0270849
005 20240502074241.5
041 0 |a eng 
044 |a SK 
245 1 0 |a Kúpa podniku alebo jeho časti v Slovenskej republike  |c Martina Podmanická 
500 |a abstrakt 
610 2 0 |a kúpa 
610 2 0 |a podnik 
610 2 0 |a predaj 
610 2 0 |a cena nehnuteľností 
100 1 |a Podmanická, Martina, 1977-